| 000 | 00461cam a22001935i 4500 | ||
|---|---|---|---|
| 008 | 221003s2023 enk e 0|| p eng d | ||
| 020 | _a9781529096880 | ||
| 020 | _a152909688X | ||
| 050 | 0 | 0 |
_aPR6054.U38 _bE44 2023 |
| 082 | 0 | 4 | _a821.92 |
| 100 | 1 | _aDuffy, Carol Ann, | |
| 245 | 1 | 0 |
_aElegies / _cCarol Ann Duffy. |
| 260 |
_aLondon _bPicador _c2023 |
||
| 300 | _a55 pages ; | ||
| 500 | _aPoems. | ||
| 650 | 0 |
_aDeath _vPoetry. |
|
| 650 | 7 | _aDeath | |
| 942 | _cBK | ||
| 999 |
_c3287 _d3287 |
||